000
00328nam a2200133Ia 4500
005
20251222143216.0
008
251222s9999||||xx |||||||||||||| ||spa||
020
_a
968-16-5122-7
082
_a
920/M26H
100
_a
Martínez, José Luís
245
0
_a
Hernán Cortés:
264
_b
Fondo de Cultura Económica
942
_c
LIB
999
_c
13621
_d
13621